MEDICAL PARASITOLOGY (Record no. 14149)

MARC details
000 -LEADER
fixed length control field 00300nam a22001457a 4500
003 - CONTROL NUMBER IDENTIFIER
control field SGT
082 ## - DEWEY DECIMAL CLASSIFICATION NUMBER
Classification number 616.01
Item number M17B
100 ## - MAIN ENTRY--PERSONAL NAME
Personal name BAVEJA, C.P.
245 ## - TITLE STATEMENT
Title MEDICAL PARASITOLOGY
250 ## - EDITION STATEMENT
Edition statement 4TH
260 ## - PUBLICATION, DISTRIBUTION, ETC. (IMPRINT)
Place of publication, distribution, etc INDIA
Name of publisher, distributor, etc ARYA PUB
Year of Publication 2017
300 ## - PAGE DESCRIPTION
No. of Pages 224
650 ## - SUBJECT ADDED ENTRY--TOPICAL TERM
Topical term or geographic name as entry element MICROBIOLOGY
942 ## - ADDED ENTRY ELEMENTS (KOHA)
Source of classification or shelving scheme Dewey Decimal Classification
Koha item type Books
942 ## - ADDED ENTRY ELEMENTS (KOHA)
-- 6
Holdings
Withdrawn status Lost status Source of classification or shelving scheme Damaged status Not for loan Collection code Home library Current library Shelving location Date acquired Vendor Name Cost, normal purchase price SGTU Bill Number Total Checkouts Full call number Accession No. (Barcode) Date last seen Date last borrowed Bill Date Koha item type
    Dewey Decimal Classification     MEDICAL SGT Medical Library SGT Medical Library Reference Book 22/12/2017 ABC DELHI 340.00 SGTU 8923 17 616.01 M17B FM10321 14/12/2024 28/11/2024   Books
    Dewey Decimal Classification     MEDICAL SGT Medical Library SGT Medical Library Reference Book 22/12/2017 ABC DELHI 340.00 SGTU 8923 12 616.01 M17B FM10322 21/12/2024 29/11/2024   Books
Withdrawn   Dewey Decimal Classification     MEDICAL SGT Medical Library SGT Medical Library Reference Book 22/12/2017 ABC DELHI 340.00 SGTU 8923 19 616.01 M17B FM10323 08/12/2021 23/11/2021   Books
    Dewey Decimal Classification     MEDICAL SGT Medical Library SGT Medical Library Reference Book 22/12/2017 ABC DELHI 340.00 SGTU 8923 28 616.01 M17B FM10324 30/04/2026 18/04/2026   Books
    Dewey Decimal Classification     MEDICAL SGT Medical Library SGT Medical Library Reference Book 22/12/2017 ABC DELHI 340.00 SGTU 8923   616.01 M17B FM10325 22/12/2017     Books